000
00263nam a22001097a 4500
008
170124b xxu||||| |||| 00| 0 eng d
020
_a
9781609136192
041
_a
eng
080
_a
618.2
245
_a
NURSING 2012 DRUG HANDBOOK
_c
LIPPINCOTT, J.B
942
_2
udc
_c
BK
999
_c
3506
_d
3506